000 02369cam a2200169 4500500
005 20251228092733.0
041 _afre
042 _adc
100 1 0 _aGochet, Paul
_eauthor
245 0 0 _aLieven DECOCK, Trading Ontology for Ideology. The Interplay of Logic, Set Theory and Semantics in Quine’s Philosophy, Synthèse Library, vol. 313, Kluwer Académie Publishers, Dordrecht, Boston 2002, ISBN 1-4020-0865-1, XVII-268 p.
260 _c2003.
500 _a56
520 _aLa sécurité entre permanence et changementLa fin de l’ère bipolaire devait forcément déboucher sur une nouvelle approche dans les conceptions sécuritaires. Mais dans quel sens ? En liant entre eux des apports de Barry Buzan, Ole Waever et Roxanne Lynn Doty, en retraçant brièvement l’évolution conceptuelle de la sécurité étatique à la sécurité humaine en passant par la sécurité sociétale, en proposant une lecture transnationale des approches et des enjeux sécuritaires, l’auteur offre une réflexion sur les manières d’appréhender la sécurité comme objet d’étude et comme traduction des enjeux et des problématiques sécuritaires pouvant concerner l’individu, la société et l’État. Entre permanence et changement, on comprendra que les enjeux sécuritaires ne sont finalement que le résultat d’une rencontre entre le naturel et le rationnel.
520 _aLa sécurité entre permanence et changementThe end of the bipolar era must inevitably lead to a new approach to security conceptions. But in what sense ? Linking contributions by Barry Buzan, Ole Waever and Roxanne Lynn Doty, retracing briefly the conceptual evolution from state security to human security passing through societal security, proposing a transnational reading of security stakes and approaches, the author offers a reflection on ways to grasp security as an object of study and as a translation of the security stakes and problematics which may concern the individual, society and the State. Between permanence and change, one will understand that security stakes are finally just the result of a meeting between the natural and the rational.
786 0 _nRevue internationale de philosophie | 224 | 2 | 2003-06-01 | p. 91a-104a | 0048-8143
856 4 1 _uhttps://shs.cairn.info/revue-internationale-de-philosophie-2003-2-page-91a?lang=fr&redirect-ssocas=7080
999 _c1603593
_d1603593